01191nam a2200253 a 4500001001000000005001700010008004100027041000800068044000700076084002000083100004500103245009500148260004600243300001700289440004500306500018100351500015700532500001100689650005200700650005600752650003400808650004500842740005000887BRCA_271520190320203933.0031208s1891----gw-#---###---#000-0#spa-u aspa agw a216b.B76c18911 aCervantes Saavedra, Miguel ded1547-161610aEl Ingenioso Hidalgo Don Quijote de la Manchaccompuesto por Miguel de Cervantes Saavedra. aLeipzig (Alemania)bF. A. Brockhausc1891 a2 v.c19 cm. 0aColección de autores españolesn3, 4 aContenido : v 1. Primera parte. Dedicatoria del autor. Prólogo del autor. Versos preliminares. Texto. -- v 2. Segunda parte. Dedicatoria del autor. Prólogo del autor. Texto aCopia de la edición del mismo editor de 1874, y que constituye los tomos III y IV de la Collección Autores Españoles de Brockhaus Lúdovik Osterc aQM207A14aNovela españolayÉpoca clásica, 1500-170014aLiteratura españolayÉpoca clásica, 1500-170014aNovela españolaySiglo XVII14aDon Quijote (Personaje ficticio)eNovela0 aEl Ingenioso Hidalgo Don Quijote de la Mancha